000 00445nam a2200193Ia 4500
008 170918s9999 xx 000 0 und d
020 _a9780439227148
050 _bL847 2012
100 _aLondon, Jack
245 4 _aThe call of the wild /
245 _cby Jack London.
260 _aNew York :
260 _bScholastic,
260 _c2012
300 _a172 pages :
300 _billustrations ;
300 _c17cm.
500 _a1120
999 _c343288
_d343288